000 01118cab a22001935a 4500
001 L142667
008 080213e20080222xxka f 000 0 eng d
035 _a(Sirsi) u142667
041 0 _aeng
100 1 _aWatson, Stuart
245 0 0 _aAll pain, no gain
260 _c2008
490 0 _aProperty Week
_v73(8) 22 February 2008, 63-64(2)
520 _aReports on how industrial development has been affected by the credit crunch. Reports that the investment market has been badly affected, but that occupier demand is still high. Finds that oversupply is common in the sheds market. Tables show: industrial market total returns; prime yields by region comparing 2007 with 2006; total industrial and warehouse available floorspace to December 2007; total industrial availability by region to December 2007; prime rents for key industrial locations; supply and take up of sheds 100,000 square feet and over; take up of new distribution floorspace; new speculative distribution space.
590 _aKA
651 4 _aUnited Kingdom
_y
690 _aPROPERTY-COMMERCIAL PROPERTY-COMMERCIAL PROPERTY MARKET
942 _n0
999 _c79905
_d79905